|
|
|
|
| LEADER |
00000nam a2200000Ii 4500 |
| 001 |
DIGSANTU0005 |
| 003 |
NyNyDIG |
| 006 |
m o d |
| 007 |
cr ||||||||||| |
| 008 |
130901s2006 dr ob 000 p spa d |
| 020 |
|
|
|z 9789945160802
|
| 020 |
|
|
|z 994516080X
|
| 035 |
|
|
|a (OCoLC)888276289
|
| 040 |
|
|
|a DGITA
|b eng
|e pn
|c DGITA
|
| 043 |
|
|
|a nwdr---
|
| 050 |
1 |
4 |
|a PQ7408.5.E47 eBook
|
| 245 |
0 |
0 |
|a A la intemperie :
|b antología de poetas de la provincia El Seibo /
|c Isael Pérez.
|
| 246 |
3 |
0 |
|a Antología de poetas de la provincia El Seibo
|
| 264 |
|
1 |
|a Santo Domingo, D.R.:
|b Editorial Buho,
|c 2006.
|
| 300 |
|
|
|a 1 online resource (152 pages)
|
| 336 |
|
|
|a text
|b txt
|2 rdacontent
|
| 337 |
|
|
|a computer
|b c
|2 rdamedia
|
| 338 |
|
|
|a online resource
|b cr
|2 rdacarrier
|
| 650 |
|
0 |
|a Dominican poetry
|z Dominican Republic
|z El Seibo.
|
| 655 |
|
0 |
|a Electronic books.
|
| 700 |
1 |
|
|a Pérez, Isael,
|d 1961-
|
| 791 |
2 |
|
|a Digitalia (Firm),
|e distributor.
|
| 793 |
0 |
|
|g Digitalia eBook Collection:
|a Santuario
|
| 856 |
4 |
0 |
|3 Digitalia Hispánica
|u https://www.digitaliapublishing.com/a/8816/
|
| 910 |
|
|
|a Premium Collection: 2007-2012
|